Počítač - pokladnice v službách: Maloobchod a hotely. 1

Charakteristika elektronických registračných pokladníc a pokladničných systémov v maloobchode. Funkcia počítača a programové vybavenie maloobchodných predajní. Riadenie maloobchodnej predajne. Prepájanie registračných pokladní - konfigurácia pokladničných systémov. Ceny, náklady, kalkulácie a ekonom...

Ausführliche Beschreibung

Gespeichert in:
Bibliographische Detailangaben
1. Verfasser: Marček, Dušan
Format: Buchkapitel
Sprache:Slowakisch
Schlagworte:
Tags: Tag hinzufügen
Keine Tags, Fügen Sie das erste Tag hinzu!

MARC

LEADER 00000naa a2200000 4500
001 r026301
005 20230919070817.3
041 0 |a slo 
044 |a SK 
245 1 0 |a Počítač - pokladnice v službách: Maloobchod a hotely. 1  |c Dušan Marček 
520 |a Charakteristika elektronických registračných pokladníc a pokladničných systémov v maloobchode. Funkcia počítača a programové vybavenie maloobchodných predajní. Riadenie maloobchodnej predajne. Prepájanie registračných pokladní - konfigurácia pokladničných systémov. Ceny, náklady, kalkulácie a ekonomická efektívnosť systému. 
610 2 0 |a maloobchod 
610 2 0 |a pokladnice kontrolné 
610 2 0 |a registre 
610 2 0 |a pohyb tovaru 
610 2 0 |a pohyb zásob 
610 2 0 |a obchod 
610 2 0 |a technológie informačné 
610 2 0 |a softvér 
610 2 0 |a využitie počítačov 
610 2 0 |a technika predaja 
100 1 |a Marček, Dušan